Zadání, umělecká úloha a funkce v architektuře a ve výtvarném umění /

Na minha lista:
Detalhes bibliográficos
Main Authors: Fidler, Petr (Author), Foletti, Ivan (Author), Fürst, Ulrich (Author)
Outros Autores: Horáková, Tereza (Editor), Řezníčková, Veronika (Editor), Chybík, Josef (Reviewer)
Formato: Livro
Idioma:tcheco
Publicado em: Brno : Books & Pipes v spolupráci s Masarykovou univerzitou, 2022
Edição:1. vydanie
Assuntos:
Tags: Adicionar Tag
Sem tags, seja o primeiro a adicionar uma tag!

MARC

LEADER 00000nam a22000003a 4500
001 0101863
003 SK-STU
005 20230511164500.0
007 ta
008 230511s ----xo-----e------000-0-----d
020 |a 978-80-7485-266-4 (Books & Pipes) 
020 |a 978-80-280-0228-2 (Masarykova univerzita) 
040 |a STU  |b slo 
041 0 |a cze 
044 |a xr 
100 1 |a Horáková, Tereza  |4 edt 
245 1 0 |a Zadání, umělecká úloha a funkce v architektuře a ve výtvarném umění /  |c ed. Tereza Horáková, Petr Fidler, Ivan Foletti, Ulrich Fürst ; ed. Veronika Řezníčková ; rec. Josef Chybík 
250 |a 1. vydanie 
260 |a Brno :  |b Books & Pipes v spolupráci s Masarykovou univerzitou,  |c 2022 
300 |a 381 s. 
650 0 7 |a umelecké dielo 
650 0 7 |a architektúra 
650 0 7 |a výtvarné umenie 
650 0 7 |a architekti 
650 0 7 |a architektonické pamiatky 
650 0 7 |a baroková architektúra 
650 0 7 |a Česko 
700 1 |a Řezníčková, Veronika  |4 edt 
700 1 |a Fidler, Petr  |r Z6  |4 aut 
700 1 |a Foletti, Ivan  |4 aut 
700 1 |a Fürst, Ulrich  |4 aut 
700 1 |a Chybík, Josef  |4 rev 
996 |b 284AU09680  |c A* 13042/U  |l AAKNST  |s P  |a 0  |w 0101863_0001 
996 |b 284AU09681  |c A* 13043/U  |l AAKNAR  |s A  |a 24  |w 0101863_0002 
996 |b 284AU09682  |c A* 13044/U  |l AAKNAR  |s A  |a 24  |w 0101863_0003